Organisational behaviour and organisational studies in health care : reflections on the future (Record no. 28860)

MARC details
000 -LEADER
fixed length control field 00673nam a2200205Ia 4500
008 - FIXED-LENGTH DATA ELEMENTS--GENERAL INFORMATION
fixed length control field 191130s2001##################000#0#eng##
020 ## - INTERNATIONAL STANDARD BOOK NUMBER
International Standard Book Number 9780333947708
040 ## - CATALOGING SOURCE
Original cataloging agency ACL
Transcribing agency ACL
082 ## - DEWEY DECIMAL CLASSIFICATION NUMBER
Classification number 362.10420941 ASH
100 ## - MAIN ENTRY--PERSONAL NAME
Personal name Lynn, Ashburner
245 ## - TITLE STATEMENT
Title Organisational behaviour and organisational studies in health care : reflections on the future
Statement of responsibility, etc. Ashburner, Lynn
260 ## - PUBLICATION, DISTRIBUTION, ETC.
Place of publication, distribution, etc. Basingstoke, Hampshire ; New York
Name of publisher, distributor, etc. Palgrave
Date of publication, distribution, etc. 2001
300 ## - PHYSICAL DESCRIPTION
Extent xxiii, 305 p. ; 23 cm
500 ## - GENERAL NOTE
General note Includes Index
650 ## - SUBJECT ADDED ENTRY--TOPICAL TERM
Topical term or geographic name entry element Health Services Administration
Topical term or geographic name entry element Organizational behavior
990 ## - EQUIVALENCES OR CROSS-REFERENCES [LOCAL, CANADA]
Link information for 9XX fields da116683ac10000c13d654c7f40283a2
991 ## -
-- 368469
Holdings
Withdrawn status Lost status Materials specified (bound volume or other part) Damaged status Not for loan Home library Current library Shelving location Date acquired Total Checkouts Full call number Barcode Date last seen Price effective from Koha item type
    hbk     Anna Centenary Library Anna Centenary Library 4TH FLOOR, A WING 09.10.2020   362.10420941 ASH 320960 09.10.2020 09.10.2020 English Books

Find us on the map